Statistiche per Quiz sulla Mongolia

Clicka qui per fare il quiz!

Statistiche generali

  • Questo quiz è stato fatto 339 volte
  • Il punteggio medio è 10 su 20

Statistiche sulle risposte

ClueRisposta% Corretto
Capitale della MongoliaUlan Bator
91%
Fondatore dell'Impero Mongolo{Genghis} Khan
90%
Grande deserto situato tra la Mongolia e la CinaGobi
90%
Paese che dista pochi chilometri a ovest della MongoliaKazakistan
80%
Religione praticata da oltre il 50% della popolazione mongolaBuddismo
77%
Ideologia statale della Mongolia dal 1924 al 1992{Comun}ismo
71%
Termine per le vaste praterie dell'Asia, che comprende gran parte della MongoliaSteppa
67%
Animale simbolo della Mongolia con una popolazione che nel paese supera leggermente la popolazione umanaCavallo
57%
Tipo di rapace utilizzata per lacaccia nella Mongolia occidentaleAquila {Reale}
52%
Città moderna che fu l'ultima capitale dell'Impero MongoloPechino
46%
Tipo di abitazione portatile utilizzata dal popolo nomade della MongoliaGer | Yurt
45%
Khan mongolo che conquistò la Cina nel 1279{Kublai} Khan
43%
Regione cinese al confine con la Mongolia orientale, che ha più popolazione etnica mongola della Mongolia stessaMongolia {Interna}
39%
Dinastia cinese fondata da quanto sopraYuan
34%
Traduzione italiana di quanto sopraEroe Rosso
30%
Animale degli Artiodattili diffuso in tutta la MongoliaCammello
28%
Settore dell'economia della Mongolia da cui derivano l'80% delle sue esportazioniSettore {Estrattivo}
28%
Catena montuosa che si trova all'estremo occidentale della MongoliaAltai
27%
Nome di nascita di cui sopraTemüjin
27%
Valuta della MongoliaTögrög
26%

Distribuzione punteggi

Percentile per numero di risposta

Percentuale di utenti per punteggio

I tuoi punteggi nel tempo

Non hai fatto questo quiz